[Event "Paracin op 01"]
[Site "Paracin"]
[Date "2022.01.20"]
[Round "5"]
[White "Cosic, Jovan"]
[Black "Petrovic, Petar R"]
[Result "0-1"]
[WhiteElo "1831"]
[BlackElo "1997"]
[PlyCount "62"]
[EventDate "2022.01.17"]
[EventType "swiss"]
[EventRounds "9"]
[EventCountry "SRB"]
[SourceTitle "CBM 206 Extra"]
[Source "ChessBase"]
[SourceDate "2022.03.31"]
[SourceVersion "1"]
[SourceVersionDate "2022.03.31"]
[SourceQuality "1"]

1. e4 e5 2. Nf3 d6 3. d4 exd4 4. Nxd4 Nf6 5. Nc3 Be7 6. g3 0-0 7. Bg2 Bg4 8. Nde2 Nc6 9. h3 Bd7 10. 0-0 Ne8 11. g4 g6 12. Ng3 Bh4 13. Kh2 Ng7 14. Bh6 f5 15. exf5 gxf5 16. Nh5 Nxh5 17. Bd5+ Kh8 18. Bxf8 fxg4 19. Bh6 Qf6 20. Be3 Qe5+ 21. Kh1 Nf6 22. Bg2 Rg8 23. Nd5 gxh3 24. Bf3 Ng4 25. Bxg4 Bxg4 26. f3 Be6 27. c4 Bxd5 28. cxd5 Rg2 29. Bg1 Qxb2 30. Bf2 Bxf2 31. Qb3 Qg7 0-1

[Event "Paracin Summer op-B 12th"]
[Site "Paracin"]
[Date "2019.07.12"]
[Round "9"]
[White "Aggarwal, Vansh"]
[Black "Petrovic, Petar R"]
[Result "0-1"]
[WhiteElo "1499"]
[BlackElo "2014"]
[PlyCount "49"]
[EventDate "2019.07.05"]
[EventType "swiss"]
[EventRounds "9"]
[EventCountry "SRB"]
[SourceTitle "EXT 2020"]
[Source "ChessBase"]
[SourceDate "2019.10.17"]
[SourceVersion "1"]
[SourceVersionDate "2019.10.17"]
[SourceQuality "1"]

1. e4 c5 2. d4 cxd4 3. c3 dxc3 4. Nxc3 d6 5. Nf3 Nc6 6. Bc4 e6 7. 0-0 Be7 8. Qe2 a6 9. Rd1 Qc7 10. h3 Nf6 11. Bf4 0-0 12. Rac1 e5 13. Bg5 Qd8 14. Qd2 Be6 15. Bxf6 Bxf6 16. Bxe6 fxe6 17. Qxd6 Nd4 18. Qxd8 Raxd8 19. Kf1 b5 20. Rd3 Nxf3 21. Rxf3 Rd6 22. Rb1 Rfd8 23. Ke1 Bg5 24. Ne2 Bd2+ 25. Kf1 0-1

[Event "Paracin Summer op-B 12th"]
[Site "Paracin"]
[Date "2019.07.06"]
[Round "2"]
[White "Cakmak, Sarven"]
[Black "Petrovic, Petar R"]
[Result "1-0"]
[WhiteElo "1784"]
[BlackElo "2014"]
[PlyCount "95"]
[EventDate "2019.07.05"]
[EventType "swiss"]
[EventRounds "9"]
[EventCountry "SRB"]
[SourceTitle "EXT 2020"]
[Source "ChessBase"]
[SourceDate "2019.10.17"]
[SourceVersion "1"]
[SourceVersionDate "2019.10.17"]
[SourceQuality "1"]

1. e4 e5 2. Nf3 Nc6 3. d4 exd4 4. Nxd4 Bc5 5. Nb3 Bb6 6. Nc3 Qf6 7. Qe2 d6 8. Be3 Nge7 9. 0-0-0 0-0 10. Kb1 Bxe3 11. Qxe3 a6 12. Be2 Re8 13. g4 b5 14. h4 b4 15. Nd5 Nxd5 16. Rxd5 Be6 17. g5 Qe7 18. Rd2 a5 19. f4 a4 20. Nd4 Bd7 21. Bf3 Ra6 22. Nb5 Bc8 23. h5 Na5 24. Qd3 Rb6 25. Nd4 Ba6 26. Nf5 Qf8 27. Qd4 c5 28. Qg1 b3 29. cxb3 axb3 30. a3 Bb7 31. Re2 Ba6 32. Rd2 Nc4 33. Rdh2 Bb7 34. g6 Bxe4+ 35. Bxe4 Rxe4 36. gxf7+ Kh8 37. Rg2 Qxf7 38. Rxg7 Re1+ 39. Qxe1 Qxf5+ 40. Ka1 Kxg7 41. h6+ Kf8 42. Qc3 Nxa3 43. Qg7+ Ke8 44. Re1+ Kd8 45. Qe7+ Kc8 46. Qe8+ Kb7 47. Re7+ Ka6 48. Qa4# 1-0

[Event "Paracin Summer op-B 12th"]
[Site "Paracin"]
[Date "2019.07.05"]
[Round "1"]
[White "Petrovic, Petar R"]
[Black "Tinmaz, Kerem"]
[Result "1-0"]
[WhiteElo "2014"]
[BlackElo "1677"]
[PlyCount "99"]
[EventDate "2019.07.05"]
[EventType "swiss"]
[EventRounds "9"]
[EventCountry "SRB"]
[SourceTitle "EXT 2020"]
[Source "ChessBase"]
[SourceDate "2019.10.17"]
[SourceVersion "1"]
[SourceVersionDate "2019.10.17"]
[SourceQuality "1"]

1. e4 c5 2. Nc3 e6 3. Nf3 a6 4. g3 Nc6 5. d4 cxd4 6. Nxd4 Bb4 7. a3 Bxc3+ 8. bxc3 Nf6 9. Bg2 0-0 10. 0-0 Qc7 11. Bg5 Qe5 12. f4 Qc5 13. Qd2 d6 14. Kh1 Bd7 15. Nb3 Qc4 16. Qxd6 Rfd8 17. Qc5 Qe2 18. Rf2 Qh5 19. Bxf6 Qxc5 20. Nxc5 gxf6 21. Nxb7 Rdb8 22. Nd6 Rb2 23. Nc4 Rb5 24. Rd1 Be8 25. Nd6 Ra5 26. e5 Rc5 27. Ne4 Rc4 28. Nxf6+ Kg7 29. Rd6 Rxc3 30. Nxe8+ Rxe8 31. Rxc6 Rxa3 32. c4 a5 33. c5 a4 34. Ra6 Rc8 35. c6 Ra1+ 36. Rf1 Ra2 37. Rc1 a3 38. c7 Rxc7 39. Rxc7 Ra1+ 40. Bf1 Rxf1+ 41. Kg2 Ra1 42. Rca7 Ra2+ 43. Kh3 Kg6 44. Rxa3 Rb2 45. Ra8 Rb4 46. Rg8+ Kh6 47. Ra7 Rd4 48. Rxf7 Re4 49. Rf6+ Kh5 50. g4# 1-0

[Event "Paracin-Fujairah"]
[Site "Paracin"]
[Date "2018.07.23"]
[Round "1"]
[White "Petrovic, Petar R"]
[Black "Ammar, Sedrani"]
[Result "1-0"]
[WhiteElo "1992"]
[BlackElo "1902"]
[PlyCount "69"]
[EventDate "2018.07.23"]
[EventType "schev"]
[EventRounds "8"]
[EventCountry "SRB"]
[SourceTitle "CBM 186 Extra"]
[Source "ChessBase"]
[SourceDate "2018.08.24"]
[SourceVersion "1"]
[SourceVersionDate "2018.08.24"]
[SourceQuality "1"]
[WhiteTeam "Paracin"]
[BlackTeam "Fujairah"]
[WhiteTeamCountry "SRB"]
[BlackTeamCountry "UAE"]

1. e4 c6 2. d4 d5 3. Nc3 dxe4 4. Nxe4 Nf6 5. Ng3 e6 6. Nf3 Bd6 7. Bd3 Nbd7 8. 0-0 0-0 9. Re1 Qc7 10. c3 b6 11. Qe2 Bb7 12. Ne5 Rad8 13. Bg5 h6 14. Nxd7 Nxd7 15. Bxd8 Rxd8 16. Nh5 Bxh2+ 17. Kh1 Bd6 18. Qg4 Bf8 19. Rxe6 fxe6 20. Qg6 c5 21. Re1 c4 22. Qh7+ Kf7 23. Bg6+ Ke7 24. Qg8 e5 25. Nf4 Qc6 26. Qf7+ Kd6 27. Be4 Qc8 28. Bxb7 Qxb7 29. dxe5+ Kc6 30. Qd5+ Kc7 31. Ne6+ Kc8 32. Qxb7+ Kxb7 33. Nxd8+ Kc8 34. Nc6 Kb7 35. Nd4 1-0

[Event "Paracin-Dubai"]
[Site "Paracin"]
[Date "2018.07.18"]
[Round "6"]
[White "Petrovic, Petar R"]
[Black "Salem, Ahmed Salem"]
[Result "0-1"]
[WhiteElo "1992"]
[BlackElo "1791"]
[PlyCount "100"]
[EventDate "2018.07.14"]
[EventType "schev"]
[EventRounds "8"]
[EventCountry "SRB"]
[SourceTitle "EXT 2019"]
[Source "ChessBase"]
[SourceDate "2018.10.10"]
[SourceVersion "1"]
[SourceVersionDate "2018.10.10"]
[SourceQuality "1"]
[WhiteTeam "Paracin"]
[BlackTeam "Dubai"]
[WhiteTeamCountry "SRB"]
[BlackTeamCountry "UAE"]

1. e4 c5 2. Nc3 Nc6 3. g3 e6 4. Bg2 Nf6 5. Nge2 Be7 6. 0-0 0-0 7. d3 d6 8. f4 Bd7 9. Be3 Rb8 10. f5 exf5 11. exf5 Qc8 12. Bh3 Ne5 13. Nf4 Re8 14. Ncd5 Bxf5 15. Nxe7+ Rxe7 16. Bxf5 Qxf5 17. Ng2 Qh5 18. Bf4 Qxd1 19. Raxd1 Rbe8 20. d4 cxd4 21. Rxd4 d5 22. Bg5 Ned7 23. Nf4 Re5 24. Bxf6 Nxf6 25. Rfd1 Re1+ 26. Kg2 Rxd1 27. Rxd1 Re5 28. Kf3 g5 29. Nd3 Rf5+ 30. Ke2 Kg7 31. Rf1 Rxf1 32. Kxf1 Ng4 33. Kg1 Kf6 34. c3 Ne5 35. Nb4 Ke6 36. Kf1 f5 37. Ke2 f4 38. Nc2 fxg3 39. hxg3 h5 40. Nd4+ Kf6 41. b4 h4 42. gxh4 gxh4 43. Nb5 Kg5 44. Nc7 h3 45. Kf2 Kg4 46. Nxd5 Nd3+ 47. Ke2 h2 48. Ne3+ Kf4 49. Kxd3 h1Q 50. Kd4 Qe4+ 0-1

[Event "Paracin-Dubai"]
[Site "Paracin"]
[Date "2018.07.16"]
[Round "4"]
[White "Ahmed, Fareed"]
[Black "Petrovic, Petar R"]
[Result "1/2-1/2"]
[WhiteElo "1953"]
[BlackElo "1992"]
[PlyCount "102"]
[EventDate "2018.07.14"]
[EventType "schev"]
[EventRounds "8"]
[EventCountry "SRB"]
[SourceTitle "EXT 2019"]
[Source "ChessBase"]
[SourceDate "2018.10.10"]
[SourceVersion "1"]
[SourceVersionDate "2018.10.10"]
[SourceQuality "1"]
[WhiteTeam "Dubai"]
[BlackTeam "Paracin"]
[WhiteTeamCountry "UAE"]
[BlackTeamCountry "SRB"]

1. e4 e5 2. Nf3 Nc6 3. Bb5 a6 4. Ba4 Nf6 5. d4 b5 6. Bb3 Nxd4 7. Bxf7+ Kxf7 8. Nxe5+ Ke8 9. Qxd4 c5 10. Qe3 Qe7 11. Nd3 Qxe4 12. Nc3 Qxe3+ 13. Bxe3 d6 14. Nf4 Kf7 15. 0-0-0 Bb7 16. Ncd5 Re8 17. Nxf6 gxf6 18. Rd2 Rg8 19. Rg1 Re5 20. g3 Bf3 21. Kb1 d5 22. c3 c4 23. b4 Bh6 24. Nxd5 Rd8 25. Bxh6 Rdxd5 26. Rxd5 Rxd5 27. Be3 Rd1+ 28. Rxd1 Bxd1 29. Bf4 Ke6 30. Kc1 Bf3 31. Kd2 Kf5 32. Ke3 Bg4 33. Bc7 Bd1 34. Bd8 Ke5 35. f3 h5 36. Bc7+ Kf5 37. h3 Ke6 38. Kf4 Bc2 39. Bd8 Bg6 40. g4 hxg4 41. fxg4 Bb1 42. a3 Bd3 43. Ba5 Kd6 44. Bb6 Bh7 45. Bd4 Ke6 46. Bb6 Bg6 47. h4 Bh7 48. Bd8 f5 49. g5 Bg6 50. Bf6 Bh5 51. Bd4 Be8 1/2-1/2

[Event "Paracin Summer op-B 11th"]
[Site "Paracin"]
[Date "2018.07.09"]
[Round "4"]
[White "Balik, Ali"]
[Black "Petrovic, Petar R"]
[Result "0-1"]
[WhiteElo "1802"]
[BlackElo "1992"]
[PlyCount "52"]
[EventDate "2018.07.06"]
[EventType "swiss"]
[EventRounds "9"]
[EventCountry "SRB"]
[SourceTitle "EXT 2019"]
[Source "ChessBase"]
[SourceDate "2018.10.10"]
[SourceVersion "1"]
[SourceVersionDate "2018.10.10"]
[SourceQuality "1"]

1. e4 e5 2. Nf3 Nc6 3. Bc4 Bc5 4. c3 Nf6 5. d4 exd4 6. cxd4 Bb4+ 7. Nc3 Nxe4 8. 0-0 Bxc3 9. d5 Bf6 10. Re1 0-0 11. Rxe4 Na5 12. Bd3 d6 13. Rf4 Be5 14. Bxh7+ Kxh7 15. Rh4+ Kg8 16. Ng5 g6 17. Qd2 Bf6 18. b4 Nc4 19. Rxc4 Bxa1 20. Qf4 Qf6 21. Qh4 Qg7 22. Qg3 Re8 23. Bd2 Be5 24. f4 Bd4+ 25. Kf1 c5 26. f5 Qe5 0-1

[Event "Paracin Summer op-B 10th"]
[Site "Paracin"]
[Date "2017.07.14"]
[Round "9"]
[White "Rajkovic, Slobodan"]
[Black "Petrovic, Petar R"]
[Result "0-1"]
[WhiteElo "1758"]
[BlackElo "1986"]
[PlyCount "35"]
[EventDate "2017.07.07"]
[EventType "swiss"]
[EventRounds "9"]
[EventCountry "SRB"]
[SourceTitle "EXT 2020"]
[Source "ChessBase"]
[SourceDate "2019.10.17"]
[SourceVersion "1"]
[SourceVersionDate "2019.10.17"]
[SourceQuality "1"]

1. Nf3 Nf6 2. g3 g6 3. Bg2 Bg7 4. 0-0 d5 5. d4 0-0 6. Bg5 c6 7. Nbd2 Qb6 8. Bxf6 Bxf6 9. Nb3 Nd7 10. c3 e5 11. dxe5 Nxe5 12. Nxe5 Bxe5 13. e3 Re8 14. Qd2 Bf5 15. h3 Rad8 16. Nd4 Bd7 17. Rfe1 Bf6 18. Kh2 0-1

[Event "Paracin Summer op-B 10th"]
[Site "Paracin"]
[Date "2017.07.11"]
[Round "5"]
[White "Petrovic, Petar R"]
[Black "Jakovljevic, Dejan"]
[Result "0-1"]
[WhiteElo "1986"]
[BlackElo "2087"]
[PlyCount "120"]
[EventDate "2017.07.07"]
[EventType "swiss"]
[EventRounds "9"]
[EventCountry "SRB"]
[SourceTitle "EXT 2020"]
[Source "ChessBase"]
[SourceDate "2019.10.17"]
[SourceVersion "1"]
[SourceVersionDate "2019.10.17"]
[SourceQuality "1"]

1. e4 e6 2. d4 d5 3. exd5 exd5 4. Bd3 Nc6 5. c3 Bd6 6. Ne2 Qf6 7. Ng3 g6 8. Be3 Nge7 9. Nd2 h5 10. Qf3 Qh4 11. h3 Bd7 12. 0-0-0 0-0-0 13. Ne2 Nf5 14. Bf4 Qf6 15. Bxd6 Qxd6 16. Rhe1 Nh4 17. Qf4 Nxg2 18. Qxd6 cxd6 19. Rg1 Bxh3 20. Nf3 Bg4 21. Ng5 Bxe2 22. Bxe2 Nf4 23. Bb5 Rd7 24. Rde1 a6 25. Bf1 Nd8 26. Re3 f6 27. Nh3 Nde6 28. Bg2 g5 29. Bxd5 Nxd5 30. Rxe6 g4 31. c4 Nc7 32. Rxf6 gxh3 33. Rh1 Ne8 34. Rf4 b5 35. cxb5 axb5 36. Rxh3 Ng7 37. Kd2 Ne6 38. Rf5 h4 39. Rxb5 Nxd4 40. Rb4 Nf5 41. Rf4 Rf7 42. Kd3 d5 43. a4 Kd7 44. b4 Ke6 45. b5 Ke5 46. Rg4 Kd6 47. Rh1 h3 48. Rb4 Kc5 49. Rb3 Nd6 50. Rc1+ Nc4 51. Ke2 h2 52. Rh1 Re7+ 53. Kd3 Rg7 54. Rbb1 Nb2+ 55. Ke2 Nxa4 56. Rhc1+ Kb6 57. Kd3 Rg4 58. Rc6+ Kb7 59. Rcc1 Rh3+ 60. f3 Rxf3+ 0-1

[Event "Paracin-ch"]
[Site "Paracin"]
[Date "2017.02.05"]
[Round "8"]
[White "Petrovic, Petar R"]
[Black "Miljkovic, Miroslav M"]
[Result "0-1"]
[WhiteElo "1969"]
[BlackElo "2152"]
[PlyCount "68"]
[EventDate "2017.01.31"]
[EventType "swiss"]
[EventRounds "9"]
[EventCountry "SRB"]
[SourceTitle "CBM 176 Extra"]
[Source "ChessBase"]
[SourceDate "2017.03.02"]
[SourceVersion "1"]
[SourceVersionDate "2017.03.02"]
[SourceQuality "1"]

1. e4 c5 2. Nf3 e6 3. d4 cxd4 4. Nxd4 a6 5. c4 d6 6. Be2 Nf6 7. Nc3 Be7 8. Be3 Qc7 9. 0-0 b6 10. f4 Bb7 11. Qd3 Nbd7 12. Nb3 0-0 13. Rad1 Rac8 14. g4 h6 15. Bd4 Rfd8 16. g5 hxg5 17. fxg5 Nh7 18. h4 Ne5 19. Bxe5 dxe5 20. Qf3 Bb4 21. Qg4 Bxc3 22. bxc3 Nf8 23. h5 g6 24. Qh4 Rxd1 25. Rxd1 gxh5 26. Bxh5 Qxc4 27. Bxf7+ Kxf7 28. g6+ Nxg6 29. Qh7+ Kf6 30. Rf1+ Kg5 31. Qxb7 Qxc3 32. Rf2 Qe1+ 33. Kg2 Nh4+ 34. Kh3 Rc3+ 0-1

[Event "Paracin-ch"]
[Site "Paracin"]
[Date "2017.02.02"]
[Round "3"]
[White "Petrovic, Petar R"]
[Black "Jordanov, Mihail"]
[Result "1-0"]
[WhiteElo "1969"]
[BlackElo "1737"]
[PlyCount "83"]
[EventDate "2017.01.31"]
[EventType "swiss"]
[EventRounds "9"]
[EventCountry "SRB"]
[SourceTitle "CBM 176 Extra"]
[Source "ChessBase"]
[SourceDate "2017.03.02"]
[SourceVersion "1"]
[SourceVersionDate "2017.03.02"]
[SourceQuality "1"]

1. e4 e5 2. Nf3 Nc6 3. Bb5 a6 4. Ba4 Nf6 5. d3 b5 6. Bb3 Be7 7. 0-0 d6 8. c3 0-0 9. Re1 Na5 10. Bc2 c5 11. Nbd2 Nc6 12. Nf1 Re8 13. Ng3 Bf8 14. h3 g6 15. d4 Qc7 16. d5 Na5 17. Bg5 Bg7 18. Qc1 c4 19. Bh6 Nb7 20. Nh4 Bxh6 21. Qxh6 Qe7 22. Rad1 Qf8 23. Qg5 Qg7 24. Nf3 h6 25. Qe3 Nd7 26. Nd2 h5 27. f4 exf4 28. Qxf4 Ne5 29. Nf3 Nc5 30. Nxe5 Qxe5 31. Rf1 Qxf4 32. Rxf4 a5 33. Rf6 Ra6 34. Rdf1 Re7 35. Ne2 Nxe4 36. Bxe4 Rxe4 37. Nd4 b4 38. Rxf7 bxc3 39. Rf8+ Kg7 40. R1f7+ Kh6 41. Rh8+ Kg5 42. Nf3# 1-0

[Event "SRB-chT2 East CS"]
[Site "Kragujevac"]
[Date "2016.10.09"]
[Round "11.3"]
[White "Petrovic, Petar R"]
[Black "Djordjevic, Miroslav"]
[Result "1/2-1/2"]
[WhiteElo "1958"]
[BlackElo "1963"]
[PlyCount "114"]
[EventDate "2016.08.26"]
[EventType "team-tourn"]
[EventRounds "11"]
[EventCountry "SRB"]
[SourceTitle "EXT 2021"]
[Source "ChessBase"]
[SourceDate "2020.10.23"]
[SourceVersion "1"]
[SourceVersionDate "2020.10.23"]
[SourceQuality "1"]

1. e4 c6 2. d4 d5 3. Nc3 dxe4 4. Nxe4 Bf5 5. Ng3 Bg6 6. Nf3 Nf6 7. h4 h6 8. Bc4 e6 9. Ne5 Bh7 10. Qe2 Nd5 11. Bb3 Nd7 12. Bd2 Nxe5 13. dxe5 a5 14. a4 Qb6 15. 0-0-0 Bb4 16. Rhf1 Bxd2+ 17. Rxd2 Qb4 18. Qc4 Qxc4 19. Bxc4 Bg6 20. h5 Bh7 21. Bxd5 cxd5 22. Ne2 Rc8 23. Nd4 Ke7 24. b3 Rc5 25. f4 Be4 26. Nb5 Rhc8 27. Rff2 f5 28. Kb2 g6 29. Nd6 Rb8 30. hxg6 Kf8 31. g3 Kg7 32. Rh2 Kxg6 33. Nb5 Rbc8 34. Nd4 Re8 35. Rh4 Rc7 36. Rdh2 Rh7 37. g4 fxg4 38. Rxg4+ Kf7 39. Nb5 Rg8 40. Nd6+ Kf8 41. Rgh4 Rgh8 42. R4h3 h5 43. Rc3 h4 44. Nxe4 dxe4 45. Re3 h3 46. Kc3 Rh4 47. Rxe4 Kg7 48. Kd3 Kg6 49. Ke3 Kf5 50. Kf3 Rc8 51. Rd4 Rc3+ 52. Rd3 Rxf4+ 53. Ke3 Rxd3+ 54. cxd3 Rb4 55. Rxh3 Kxe5 56. Rh5+ Kd6 57. Rxa5 Rxb3 1/2-1/2

[Event "SRB-chT2 East CS"]
[Site "Kragujevac"]
[Date "2016.10.08"]
[Round "10.3"]
[White "Miljkovic, Mihajlo"]
[Black "Petrovic, Petar R"]
[Result "1-0"]
[WhiteElo "2250"]
[BlackElo "1958"]
[PlyCount "83"]
[EventDate "2016.08.26"]
[EventType "team-tourn"]
[EventRounds "11"]
[EventCountry "SRB"]
[SourceTitle "EXT 2021"]
[Source "ChessBase"]
[SourceDate "2020.10.23"]
[SourceVersion "1"]
[SourceVersionDate "2020.10.23"]
[SourceQuality "1"]

1. d4 Nf6 2. c4 e6 3. Nc3 d5 4. Bg5 Be7 5. cxd5 exd5 6. Qc2 0-0 7. e3 c6 8. Bd3 Nbd7 9. Nf3 Re8 10. 0-0 Ne4 11. Bxe4 Bxg5 12. Bxh7+ Kh8 13. Bd3 Bf6 14. b4 g5 15. b5 Kg7 16. bxc6 bxc6 17. h3 Rh8 18. e4 Nb6 19. e5 Be7 20. Bf5 Ba6 21. Rfd1 Rh6 22. Ne2 Bxe2 23. Qxe2 Nc4 24. Nh2 Rh4 25. g3 Rh8 26. Kg2 Rb8 27. Rab1 Qa5 28. Bd3 Na3 29. Rxb8 Rxb8 30. Qh5 Rh8 31. Qg4 Qc7 32. Nf3 Qc8 33. Bf5 Qd8 34. h4 Kf8 35. hxg5 Rg8 36. g6 Qe8 37. Rh1 fxg6 38. Be6 Kg7 39. Bxg8 Qxg8 40. Qd7 Qd8 41. Qxa7 Nb5 42. Qb7 1-0

[Event "SRB-chT2 East CS"]
[Site "Kragujevac"]
[Date "2016.10.08"]
[Round "9.3"]
[White "Petrovic, Petar R"]
[Black "Stanojevic, Ilija"]
[Result "1/2-1/2"]
[WhiteElo "1958"]
[BlackElo "2078"]
[PlyCount "69"]
[EventDate "2016.08.26"]
[EventType "team-tourn"]
[EventRounds "11"]
[EventCountry "SRB"]
[SourceTitle "EXT 2021"]
[Source "ChessBase"]
[SourceDate "2020.10.23"]
[SourceVersion "1"]
[SourceVersionDate "2020.10.23"]
[SourceQuality "1"]

1. e4 e6 2. d4 d5 3. exd5 exd5 4. Bd3 Nc6 5. c3 Bd6 6. Nf3 Nge7 7. Bg5 Bg4 8. Nbd2 Qd7 9. h3 Bf5 10. Nb3 0-0-0 11. Qd2 h6 12. Be3 Be4 13. 0-0-0 Nf5 14. Bxe4 dxe4 15. Ne1 Nxe3 16. fxe3 f5 17. Rf1 g5 18. Qe2 Rde8 19. Qb5 f4 20. Nc2 a6 21. Qc4 Nd8 22. d5 Qb5 23. Qxb5 axb5 24. Nbd4 fxe3 25. Nxe3 Bf4 26. Kd2 Re5 27. Ke2 Bxe3 28. Kxe3 Rxd5 29. Kxe4 c6 30. Rf5 Re8+ 31. Kf3 Rd6 32. Kf2 b4 33. Re1 Rxe1 34. Kxe1 bxc3 35. bxc3 1/2-1/2

[Event "SRB-chT2 East CS"]
[Site "Kragujevac"]
[Date "2016.08.28"]
[Round "4.34"]
[White "Petrovic, Petar R"]
[Black "Madjar, Stanislav"]
[Result "1/2-1/2"]
[WhiteElo "1958"]
[BlackElo "2189"]
[PlyCount "62"]
[EventDate "2016.08.26"]
[EventType "team-tourn"]
[EventRounds "11"]
[EventCountry "SRB"]
[SourceTitle "EXT 2021"]
[Source "ChessBase"]
[SourceDate "2020.10.23"]
[SourceVersion "1"]
[SourceVersionDate "2020.10.23"]
[SourceQuality "1"]

1. e4 Nf6 2. e5 Nd5 3. c4 Nb6 4. d4 d6 5. exd6 exd6 6. Nf3 Be7 7. Be2 Bf5 8. Nc3 0-0 9. 0-0 Nc6 10. Be3 d5 11. c5 Nc4 12. Bc1 Bf6 13. b3 N4a5 14. Be3 b6 15. Na4 Re8 16. Rc1 h6 17. Qd2 Be4 18. Nb2 Re6 19. b4 Nb7 20. Nd3 bxc5 21. dxc5 a5 22. Nf4 Re7 23. b5 Ne5 24. Nh5 Ng4 25. Nxf6+ Nxf6 26. Bd4 Re6 27. a4 Qe7 28. Bd1 c6 29. Re1 Re8 30. h3 Qd8 31. Qc3 Qe7 1/2-1/2

[Event "SRB-chT2 East"]
[Site "Vrnjacka Banja"]
[Date "2015.08.29"]
[Round "3.5"]
[White "Petrovic, Petar R"]
[Black "Dragojevic, Dragan"]
[Result "0-1"]
[WhiteElo "1968"]
[BlackElo "1949"]
[PlyCount "84"]
[EventDate "2015.08.28"]
[EventType "team-tourn"]
[EventRounds "11"]
[EventCountry "SRB"]
[SourceTitle "EXT 2022"]
[Source "ChessBase"]
[SourceDate "2021.10.06"]
[SourceVersion "1"]
[SourceVersionDate "2021.10.06"]
[SourceQuality "1"]

1. e4 e5 2. Nf3 Nc6 3. Bb5 a6 4. Ba4 Nf6 5. d3 b5 6. Bb3 Be7 7. 0-0 d6 8. c3 Na5 9. Bc2 c5 10. Nbd2 Nc6 11. Re1 0-0 12. Nf1 Re8 13. Ng3 Bf8 14. h3 g6 15. Be3 Qc7 16. Qd2 Nd8 17. Bh6 Qe7 18. Bxf8 Qxf8 19. Qg5 Qg7 20. d4 Ne6 21. Qd2 Nf4 22. dxc5 dxc5 23. a4 Qh6 24. h4 Bg4 25. Qe3 Bxf3 26. Qxf3 Qxh4 27. Nf1 N6h5 28. g3 Qg5 29. Kh2 Ne6 30. Ne3 Nf6 31. Red1 Kg7 32. Rd6 h5 33. Nd5 Ng4+ 34. Kg2 Qd2 35. Bd3 c4 36. Rd1 Qxb2 37. Rb1 Qa3 38. Rd7 Ng5 39. Qd1 cxd3 40. axb5 Qa2 41. Qf1 Nxe4 42. Nc7 Ne3+ 0-1

[Event "SRB Central-ch op-B 8th"]
[Site "Paracin"]
[Date "2015.07.10"]
[Round "9"]
[White "Petrovic, Petar R"]
[Black "Jankov, Saso"]
[Result "1-0"]
[WhiteElo "1870"]
[BlackElo "2093"]
[PlyCount "95"]
[EventDate "2015.07.03"]
[EventType "swiss"]
[EventRounds "9"]
[EventCountry "SRB"]
[SourceTitle "CBM 167 Extra"]
[Source "ChessBase"]
[SourceDate "2015.09.14"]
[SourceVersion "1"]
[SourceVersionDate "2015.09.14"]
[SourceQuality "1"]

1. e4 d6 2. d4 c6 3. Nc3 a6 4. Bc4 Nf6 5. a4 h5 6. Nf3 g6 7. 0-0 Bh6 8. Bxh6 Rxh6 9. Ng5 e6 10. Qd2 Rh8 11. Qf4 Rf8 12. e5 dxe5 13. dxe5 Nd5 14. Bxd5 cxd5 15. Nh7 Rh8 16. Nf6+ Kf8 17. Rad1 Bd7 18. Qb4+ Qe7 19. Qxb7 Bc6 20. Qb6 Kg7 21. Rfe1 Rc8 22. Qe3 Nd7 23. Nxd7 Qxd7 24. Qd4 Rcb8 25. b3 Rc8 26. Re3 Qa7 27. Qf4 Qe7 28. Ne2 g5 29. Rg3 Kh6 30. Qe3 Rg8 31. h4 Rg6 32. hxg5+ Rxg5 33. Nd4 Bd7 34. Nf3 Rag8 35. Nxg5 Rxg5 36. Rd4 Kg6 37. Qxg5+ Qxg5 38. Rxg5+ Kxg5 39. g3 f6 40. exf6 Kxf6 41. f4 Kf5 42. Kf2 Bc6 43. c4 a5 44. cxd5 Bxd5 45. b4 axb4 46. Rxb4 e5 47. fxe5 Kxe5 48. Rb5 1-0

[Event "SRB Central-ch op-B 8th"]
[Site "Paracin"]
[Date "2015.07.08"]
[Round "7"]
[White "Petrovic, Petar R"]
[Black "Jakovljevic, Dejan"]
[Result "0-1"]
[WhiteElo "1870"]
[BlackElo "2006"]
[PlyCount "70"]
[EventDate "2015.07.03"]
[EventType "swiss"]
[EventRounds "9"]
[EventCountry "SRB"]
[SourceTitle "CBM 167 Extra"]
[Source "ChessBase"]
[SourceDate "2015.09.14"]
[SourceVersion "1"]
[SourceVersionDate "2015.09.14"]
[SourceQuality "1"]

1. e4 e6 2. d4 d5 3. Nc3 Nf6 4. e5 Nfd7 5. f4 c5 6. Nf3 Nc6 7. Be2 Be7 8. Rb1 0-0 9. Be3 f6 10. exf6 Nxf6 11. Ne5 Nxd4 12. Bxd4 cxd4 13. Qxd4 Nd7 14. Nxd7 Bxd7 15. 0-0 Qc7 16. Qd2 Bd6 17. g3 Rac8 18. a3 b6 19. Bd3 Bxa3 20. Nxd5 Bc5+ 21. Ne3 e5 22. b4 Bd4 23. Rb3 Bh3 24. Rf2 Rcd8 25. c3 exf4 26. gxf4 Bf6 27. Qc2 Rfe8 28. Bxh7+ Kh8 29. Rf3 Qd7 30. Bg6 Rxe3 31. Rxe3 Qg4+ 32. Rg3 Rd1+ 33. Kf2 Qxf4+ 34. Ke2 Qf1+ 35. Ke3 Re1+ 0-1

[Event "SRB Central-ch op-B 8th"]
[Site "Paracin"]
[Date "2015.07.07"]
[Round "5"]
[White "Petrovic, Petar R"]
[Black "Djuretanovic, Ivan"]
[Result "1/2-1/2"]
[WhiteElo "1870"]
[BlackElo "2000"]
[PlyCount "131"]
[EventDate "2015.07.03"]
[EventType "swiss"]
[EventRounds "9"]
[EventCountry "SRB"]
[SourceTitle "CBM 167 Extra"]
[Source "ChessBase"]
[SourceDate "2015.09.14"]
[SourceVersion "1"]
[SourceVersionDate "2015.09.14"]
[SourceQuality "1"]

1. e4 c5 2. Nf3 Nc6 3. d4 cxd4 4. Nxd4 d6 5. c4 g6 6. Nc3 Bg7 7. Be3 Nf6 8. Be2 0-0 9. 0-0 a6 10. Qd2 Re8 11. h3 Bd7 12. Nf3 Rc8 13. Rac1 Be6 14. Ng5 Qd7 15. Nd5 Bxd5 16. cxd5 Nb8 17. Qb4 h6 18. Nf3 Rxc1 19. Rxc1 Rc8 20. Bd3 Rxc1+ 21. Bxc1 Qc8 22. Be3 Nbd7 23. Qd2 Kh7 24. b4 Ne8 25. Kf1 Qc7 26. Qc2 Bc3 27. a3 Ne5 28. Nxe5 Bxe5 29. Qxc7 Nxc7 30. Bc1 e6 31. dxe6 fxe6 32. f4 Bd4 33. Ke2 Kg7 34. Bc2 e5 35. fxe5 Bxe5 36. Bb3 g5 37. Kd3 Kf6 38. a4 b5 39. Be3 Ke7 40. axb5 axb5 41. Bb6 Ne6 42. Bxe6 Kxe6 43. Bd4 Bg3 44. Bg7 h5 45. Bd4 g4 46. hxg4 hxg4 47. Bc3 Bf2 48. Ke2 Bg1 49. Kd3 d5 50. exd5+ Kxd5 51. Bb2 Bh2 52. Bc3 Bd6 53. Be1 Be5 54. Bd2 Bd4 55. Be1 Bg1 56. Bc3 Bf2 57. Bd2 Ke5 58. Ke2 Bg1 59. Kd3 Kf5 60. Bc1 Bf2 61. Bd2 Bg1 62. Bc1 Bh2 63. Be3 Bf4 64. Bc5 Ke5 65. Bd4+ Kd5 66. Bc3 1/2-1/2